Reflexiones en torno a la figura de los daños punitivos (art. 52 bis, L. 24240) (Registro nro. 31776)

Detalles MARC
000 -LEADER
fixed length control field 00428 a2200121 4500
001 - CONTROL NUMBER
control field ART_47974
005 - DATE AND TIME OF LATEST TRANSACTION
control field 20260410162006.0
008 - FIXED-LENGTH DATA ELEMENTS--GENERAL INFORMATION
fixed length control field 260409a
100 1# - MAIN ENTRY--PERSONAL NAME
Personal name Lamanna Guiñazú, Emiliano C.
245 10 - TITLE STATEMENT
Title Reflexiones en torno a la figura de los daños punitivos (art. 52 bis, L. 24240)
700 1# - ADDED ENTRY--PERSONAL NAME
Personal name Fossaceca, Carlos Alberto (h)
773 0# - HOST ITEM ENTRY
Title Temas de derecho civil
Related parts - Año 4, N° 11 (nov. 2018)
Record control number REV34778

No hay ítems disponibles.